Statistics for English Premier & Football Leagues - Sponsored Stadia 2015-16

Click here to take the quiz!

General Stats

  • This quiz has been taken 42 times
    (41 since last reset)
  • The average score is 7 of 18

Answer Stats

SponsorLevelCLUB% Correct
EtihadPremierManchester City
92%
American ExpressChamp.Brighton & Hove Albion
86%
VitalityPremierAFC Bournemouth
75%
Britannia Co-operative BankPremierStoke City
75%
iProChamp.Derby County
50%
MatchroomLeague 2Leyton Orient
39%
Banks'sLeague 1Walsall
36%
Cherry Red RecordsLeague 2AFC Wimbledon
31%
Weston HomesLeague 1Colchester United
31%
What More UK (Wham)League 2Accrington Stanley
28%
Coral WindowsLeague 1Bradford City
25%
Checkatrade.comLeague 2Crawley Town
25%
AESSEALChamp.Rotherham United
25%
LamexLeague 2Stevenage
19%
Chigwell ConstructionLeague 2Dagenham & Redbridge
17%
MEMSLeague 1Gillingham
17%
SportsDirect.comLeague 1Oldham Athletic
17%
One CallLeague 2Mansfield Town
11%

Score Distribution

Percentile by Number Answered

Percent of People with Each Score

Your Score History

You have not taken this quiz since the last reset